Memoria

Сохранить в:
Библиографические подробности
Формат: Текст
Опубликовано: San Salvador: FUNDADEM
Метки: Добавить метку
Нет меток, Требуется 1-ая метка записи!

MARC

LEADER 00000 a a2200000 04500
001 31051
003
040
090 |a 197201  |b   
245 |a Memoria  
260 |a San Salvador:   |b FUNDADEM  
300 |a 48 p.  
999 |c 9395  |d 9395